000 00635nam a2200277Ia 4500
005 20260324150605.0
008 008 260324s9999 xx 000 0 eng d
020 _a9781315018669
037 _aEBOOK
040 _aCRL
040 _beng
040 _cCRL
041 _2eng
041 _aeng
084 _qCRL
100 _aIrving Ribner
_91226603
245 0 _aPatterns in Shakespearian Tragedy
260 _bTaylor and Francis
260 _c1960
365 _a
365 _b420
856 _uhttp://www.taylorfrancis.com/books/9781315018669
942 _cEBOOK
999 _c1836646
_d1836646